[Event "Berliner Sommer"]
[Site "Berlin"]
[Date "1997.??.??"]
[Round "4"]
[White "Nisipeanu, Liviu Dieter"]
[Black "Plump, Detlef"]
[Result "1-0"]
[WhiteElo "2600"]
[BlackElo "2255"]

1.e4 c5 2.Nf3 e6 3.Nc3 a6 4.d4 cxd4 5.Nxd4 Qc7 6.Be2 Nf6 7.O-O Nc6 8.Kh1 Bb4
9.Bg5 Bxc3 10.Bxf6 gxf6 11.bxc3 d6 12.Qd2 h5 13.Rad1 Bd7 14.Qf4 Ke7 15.Qh4 Rag8
16.f4 Nxd4 17.cxd4 Qxc2 18.Bf3 Rh6 19.f5 e5 20.dxe5 dxe5 21.Qe1 Qc5 22.Qd2 Bb5
23.Qxh6 Bxf1 24.Rxf1  1-0

[Event "Berliner Sommer"]
[Site "Berlin"]
[Date "1997.??.??"]
[Round "5"]
[White "Altisen Palmada, Roberto"]
[Black "Thesing, Matthias"]
[Result "0-1"]
[WhiteElo "2220"]
[BlackElo "2440"]

1.e4 c5 2.Nf3 e6 3.Nc3 a6 4.d4 cxd4 5.Nxd4 d6 6.Bd3 b5 7.f4 Bb7 8.Qf3 Nd7
9.a3 Ngf6 10.Be3 e5 11.Nf5 g6 12.Ng3 exf4 13.Qxf4 Qe7 14.O-O Bg7 15.Qh4 h6
16.Rae1 Ne5 17.Bd4 O-O 18.Be3 Neg4 19.Bb6 Rae8 20.Nge2 Nd7 21.Qxe7 Rxe7 22.Bc7 Be5
23.h3 Ne3 24.Rf3 Rc8 25.Rxe3 Rxc7 26.Kf1 Nb6 27.Rd1 Kf8 28.Rd2 Nc4 29.Bxc4 Rxc4
30.Ke1 Re6 31.b3 Rc8 32.Kd1 Rf6 33.Ke1 h5 34.Nd1 Re6 35.Nf2 Re7 36.Kd1 Rec7
37.g3 Re7 38.Nd3 Bg7 39.Ndf4 Bxe4 40.Nc3 Rd8  0-1

[Event "Berliner Sommer"]
[Site "Berlin"]
[Date "1997.??.??"]
[Round "6"]
[White "Slobodjan, Roman"]
[Black "Siebrecht, Sebastian"]
[Result "1-0"]
[WhiteElo "2550"]
[BlackElo "2370"]

1.e4 c5 2.Nf3 e6 3.Nc3 a6 4.d4 cxd4 5.Nxd4 Qc7 6.Bd3 b5 7.O-O Nf6 8.Bg5 Be7
9.Qf3 Bb7 10.Rae1 d6 11.Qh3 Nbd7 12.Kh1 h6 13.a3 Ne5 14.f4 Nxd3 15.cxd3 Qb6
16.Bh4 b4 17.Na4 Qa5 18.e5 dxe5 19.fxe5 Nd5 20.Rxf7 Kxf7 21.Qxe6+ Ke8 22.Nf5 Bc8
23.Qg6+ Kd8 24.Nxe7 Nxe7 25.Qd6+ Bd7 26.Qxe7+  1-0

[Event "Mermaid Beach Club"]
[Site "Bermuda"]
[Date "1997.??.??"]
[Round "2"]
[White "Ashley, Maurice"]
[Black "Bezold, Michael"]
[Result "0-1"]
[WhiteElo "2465"]
[BlackElo "2500"]

1.e4 c5 2.Nf3 e6 3.d4 cxd4 4.Nxd4 a6 5.Nc3 Qc7 6.Bd3 Nc6 7.Be3 b5 8.O-O Bb7
9.Qe2 Nf6 10.Rad1 Ne5 11.h3 b4 12.Na4 d5 13.exd5 Nxd5 14.Be4 Rd8 15.Nb3 Bc6
16.Bxd5 Bb5 17.Qh5 g6 18.Bb6 Qb8 19.Qg5 Be7 20.Qh6 Rxd5 21.Rxd5 exd5 22.Qg7 Kd7
23.Ba7 Qxa7 24.Qxh8 f6 25.Rd1 Bxa4 26.Rxd5+ Kc6 27.Qg8 Qc7 28.f4 Bxb3 29.axb3 Nd7
30.Qe6+ Bd6 31.Rd1 Qb6+ 32.Kh1 Qc5 33.Qe4+ Kc7 34.Qe2 a5 35.Qa6 Bxf4 36.Qe6 Bd6
37.Rd5 Qb6 38.Qe2 Ne5 39.Rd1 Kd7 40.Qd2 Ke6 41.Qe2 h5 42.Re1 Qd4 43.Qa6 Qd2
44.Rf1 Qxc2 45.Qa8 Qc7 46.Qg8+ Qf7 47.Qa8 Qf8 48.Qxa5 Be7 49.Rd1 Kf7 50.Qc7 Qa8
51.Qc2 Qc6 52.Qe2 Qe6 53.Qe3 g5 54.Qe4 Ng6 55.Qc4 g4 56.hxg4 hxg4 57.Re1 Ne5
58.Qe4 Kg7 59.Qb7 Qf7 60.Rc1 Bd6 61.Qxf7+ Kxf7 62.Rd1 Ke6 63.Kg1 f5 64.Kf1 Bc5
65.Rd8 f4 66.Rg8 f3 67.g3 Kd5 68.Rc8 Bd4 69.Re8 Ke4 70.Rb8 Kd3 71.Rd8 f2
72.Re8 Nf3 73.Kg2 Nd2 74.Kh2 f1=R  0-1

[Event "Biel op MTO"]
[Site "Biel"]
[Date "1997.??.??"]
[Round "6"]
[White "Kundin, Alexander"]
[Black "Gheorghiu, Florin"]
[Result "1-0"]
[WhiteElo "2305"]
[BlackElo "2485"]

1.e4 c5 2.Nf3 e6 3.d4 cxd4 4.Nxd4 a6 5.Nc3 Qc7 6.g3 Bb4 7.Ne2 Nf6 8.Bg2 Be7
9.O-O Nc6 10.h3 O-O 11.Be3 b5 12.a4 b4 13.Nd5 exd5 14.exd5 Bb7 15.dxc6 Bxc6
16.Nd4 Bxg2 17.Kxg2 Bc5 18.Qf3 d5 19.Rad1 Rfe8 20.Rfe1 Re4 21.Nf5 Rae8 22.Bf4 Qd7
23.Rxe4 dxe4 24.Qg4 Nxg4 25.Rxd7 Nf6 26.Rc7 Bf8 27.Rc6 Nd5 28.Rxa6 Rc8 29.Bd6 g6
30.Nd4 Bg7 31.Rc6 Ra8 32.Bc5 e3 33.fxe3 Nxe3+ 34.Kg1 h5 35.a5 Nc4 36.a6 Ne5
37.Rc7 Rxa6 38.Bxb4 Ra2 39.Bc3 Ra1+ 40.Kg2 Ra4 41.b3 Ra2 42.b4 Ra3 43.b5 Nd7
44.Ne2 Nb6 45.Bxg7 Kxg7 46.Kf2 Ra4 47.Rc6 Nc4 48.Nc3 Rb4 49.Na2 Ra4 50.Nc3 Rb4
51.Na2 Ra4 52.Ra6 Na5 53.Nc3 Ra3 54.Ne2  1-0

[Event "Biel op MTO"]
[Site "Biel"]
[Date "1997.??.??"]
[Round "10"]
[White "Kovacevic, Aleksandar"]
[Black "Jaracz, Pawel"]
[Result "1-0"]
[WhiteElo "2525"]
[BlackElo "2445"]

1.e4 c5 2.Nf3 e6 3.d4 cxd4 4.Nxd4 a6 5.Nc3 Qc7 6.Be2 b5 7.O-O Bb7 8.Bf3 Nc6
9.Nxc6 dxc6 10.Re1 e5 11.a4 b4 12.Na2 a5 13.c3 Nf6 14.Qc2 Be7 15.Bd2 Qb6
16.cxb4 axb4 17.Be3 c5 18.Nc1 Qc7 19.b3 Rc8 20.Nd3 Nxe4 21.Rac1 Qd6 22.Nxc5 Nxc5
23.Bxb7 Rc7 24.Bxc5 Qe6 25.Qb2 Rxb7 26.Rxe5 Qf6 27.Qe2  1-0

[Event "Clarin GP1 Boca Juniors"]
[Site "Boca"]
[Date "1997.??.??"]
[Round "8"]
[White "Van Riemsdijk, Herman C"]
[Black "Varela, Gaston"]
[Result "0-1"]
[WhiteElo "2395"]
[BlackElo "2290"]

1.e4 c5 2.Nf3 e6 3.d4 cxd4 4.Nxd4 a6 5.Nc3 Qc7 6.g3 Nc6 7.Bg2 Nf6 8.O-O Bc5
9.Nde2 d6 10.Bg5 Nd7 11.Na4 Ba7 12.c4 h6 13.Bf4 Nce5 14.Rc1 Qb8 15.b4 b5
16.Nb2 bxc4 17.Nxc4 Nxc4 18.Rxc4 e5 19.Be3 Bxe3 20.fxe3 Nf6 21.Nc3 Be6 22.Nd5 Ra7
23.a3 Nxd5 24.exd5 Bd7 25.Rf2 O-O 26.Qh5 Rc7 27.Bf1 Bb5 28.Rg4 f5 29.Rg6 Be8
30.Qxh6 Bxg6 31.Qxg6 Rf6 32.Qg5 Qc8 33.e4 f4 34.a4 Rcf7 35.g4 f3 36.h3 Qc3
37.b5 axb5 38.axb5 Qd4 39.Qd2 Qxe4 40.b6 Qa4 41.Bd3 e4 42.Bc2 Qa1+ 43.Kh2 Qe5+
44.Kg1 e3  0-1

[Event "Bratto op"]
[Site "Bratto"]
[Date "1997.??.??"]
[Round "4"]
[White "Sgnaolin, Davide"]
[Black "Bednarich, Jan"]
[Result "1/2-1/2"]
[WhiteElo "2065"]
[BlackElo "2170"]

1.e4 c5 2.Nf3 e6 3.Nc3 a6 4.d4 cxd4 5.Nxd4 Qc7 6.g3 Nf6 7.Bg2 d6 8.O-O Bd7
9.Re1 Nc6 10.Nxc6 bxc6 11.Na4 Be7 12.c4 O-O 13.c5 e5 14.Be3 Bg4 15.f3 Be6
16.cxd6 Bxd6 17.Qc2 Nd7 18.Rac1 Rac8 19.Bf1 Qb7 20.b3 Bb4 21.Red1 Ba3 22.Rb1 a5
23.Bc4 Rfe8 24.Rd3 Nf8 25.Rbd1 Bb4 26.Nc5 Bxc5 27.Bxc5 Bxc4 28.Qxc4 Ne6 29.Rd7 Qb5
30.Be3 a4 31.Qxb5 cxb5 32.bxa4 bxa4 33.Ra7 Rc3 34.Kf2 Ra3 35.Rd2 Rc8 36.Rad7 Rcc3
37.Rd8+ Nf8 38.Bb6 f5 39.exf5 Rxf3+ 40.Kg2 Rxf5 41.Bc5 Raf3 42.Ra8 e4 43.Bb4 e3
44.Re2 Rf2+ 45.Rxf2 Rxf2+ 46.Kg1 g6 47.Rd8  1/2-1/2

[Event "Bratto op"]
[Site "Bratto"]
[Date "1997.??.??"]
[Round "7"]
[White "Pegoraro, Nicola"]
[Black "Pantaleoni, Claudio"]
[Result "0-1"]
[WhiteElo "2065"]
[BlackElo "2235"]

1.e4 c5 2.Nf3 e6 3.d4 cxd4 4.Nxd4 a6 5.Nc3 Nc6 6.Be3 Nf6 7.Be2 Bb4 8.Nxc6 bxc6
9.O-O Qa5 10.Qd3 O-O 11.f4 d5 12.e5 Bxc3 13.bxc3 Ne4 14.Bf3 Nc5 15.Qd4 Nd7
16.c4 Rb8 17.f5 exf5 18.cxd5 cxd5 19.Bxd5 Nb6 20.Bb3 Be6 21.Rad1 h6 22.Rf3 Rfd8
23.Qxd8+ Rxd8 24.Rxd8+ Kh7 25.Rd1 Nd7 26.Bd4 Nxe5 27.Bxe5 Qxe5 28.Rff1 Qb2
29.Rf2 Qc3 30.Re2 Bc4 31.Red2 f4 32.Bxc4 Qxc4 33.Rf2 g5 34.Rc1 Qxa2 35.c4 Qa3
36.Rcc2 Qc5 37.Kf1 a5 38.Rfd2 a4 39.Rd5 Qb4 40.Rdd2 a3 41.Rd1 f3 42.Ra1 Qb3
43.Raa2 Qd3+ 44.Kf2 g4 45.gxf3 Qxf3+ 46.Kg1 Qe3+ 47.Kf1 Qc5 48.Ke2 f5 49.Kd3 f4
50.Ke4 f3 51.h3 h5 52.hxg4 hxg4 53.Kf4 Qd4+ 54.Kg3 Kg6 55.c5 Kg5 56.Kh2 Kf4
57.c6 g3+  0-1

[Event "Budapest FS02 IM-B"]
[Site "Budapest"]
[Date "1997.??.??"]
[Round "2"]
[White "Kiss, Gergely"]
[Black "Szeberenyi, Adam"]
[Result "1/2-1/2"]
[WhiteElo "2205"]
[BlackElo "2225"]

1.e4 c5 2.Nf3 e6 3.d4 cxd4 4.Nxd4 a6 5.Nc3 Qc7 6.Be2 Nc6 7.Be3 Nf6 8.O-O Bb4
9.Na4 Be7 10.c4 Nxe4 11.c5 O-O 12.Nxc6 bxc6 13.Bd3 Nf6 14.Nb6 Rb8 15.f4 d6
16.cxd6 Bxd6 17.Nxc8 Rfxc8 18.Qc2 h6 19.Bxa6 Nd5 20.Qf2 Qa5 21.Bxc8 Nxe3
22.Rfc1 Ng4 23.Qd4 Rxc8 24.Qxd6 Rd8 25.b4 Qa8 26.Qc5 Qb8 27.h3 Rd5 28.Qxc6 Qa7+
29.Rc5 Ne3 30.Rxd5 Nxd5+ 31.Qc5 Qa3 32.Qc8+ Kh7 33.Qc2+ g6 34.Qb3 Qa7+ 35.Kh2 Qf2
36.Qg3 Qb2 37.Rf1 Qxa2 38.Qe1 Qc4 39.g3 Nxb4 40.Qf2 Nd5 41.Ra1 Qc3 42.Ra7 Kg7
43.Rb7 Kf6 44.Qe2 Ne3 45.Rd7 Qc1 46.Rd3 Nf5 47.Qe5+ Ke7 48.Qc3 Qxc3 49.Rxc3 g5
50.Rc7+ Kf6 51.g4 Ne3 52.fxg5+ hxg5 53.Kg3 Nd5 54.Rc8 Kg6 55.Rg8+ Kf6 56.Kf3 Ne7
57.Ra8 Kg7 58.Ke4 Ng6 59.Kd4 Kf6 60.Kc5 Ke5 61.Rg8 Kf4 62.Ra8 f5 63.Kd6 Kg3
64.Rg8 Nh4 65.gxf5 exf5 66.Rxg5+  1/2-1/2

[Event "Budapest FS06 GM"]
[Site "Budapest"]
[Date "1997.??.??"]
[Round "2"]
[White "Videki, Sandor"]
[Black "Borocz, Istvan"]
[Result "1/2-1/2"]
[WhiteElo "2375"]
[BlackElo "2420"]

1.e4 c5 2.Nf3 e6 3.d4 cxd4 4.Nxd4 a6 5.Nc3 Qc7 6.Be2 b5 7.O-O Bb7 8.Bf3 Nc6
9.Nxc6 dxc6 10.Qe2 Bd6 11.g3 Nf6 12.Rd1 Be5 13.a4 O-O 14.Bg2 Rfd8 15.f4 Bxc3
16.Rxd8+ Rxd8 17.bxc3 c5 18.axb5 axb5 19.c4 bxc4 20.Bb2 Qc6 21.Re1 Kf8  1/2-1/2

[Event "Budapest FS04 IM"]
[Site "Budapest"]
[Date "1997.??.??"]
[Round "2"]
[White "Grabics, Monika"]
[Black "Szeberenyi, Adam"]
[Result "1-0"]
[WhiteElo "2255"]
[BlackElo "2225"]

1.e4 c5 2.Nf3 e6 3.Nc3 a6 4.d4 cxd4 5.Nxd4 Qc7 6.f4 Nc6 7.Nxc6 Qxc6 8.Bd3 b5
9.Qf3 Bb7 10.a3 Bc5 11.Be3 Bxe3 12.Qxe3 Ne7 13.O-O-O O-O 14.e5 Qxg2 15.Rhg1 Qf3
16.Qd2 Nd5 17.Be4 Qh3 18.Rg3 Qh6 19.Rdg1 g6 20.Bxd5 Bxd5 21.Nxd5 exd5 22.Rd3 Rac8
23.Rxd5 Rc4 24.Rf1 Qh3 25.Rd1 Rfc8 26.c3 Qf3 27.Rxd7 Qxf4 28.Qxf4 Rxf4 29.e6 fxe6
30.Re7 Rcf8 31.Rxe6 Rf1 32.Rxa6 Rxd1+ 33.Kxd1 Rf2 34.b4 Rxh2 35.a4 bxa4 36.b5 a3
37.b6 a2 38.Kc1 Kf7 39.Rxa2 Rh5 40.b7 Rb5 41.Rb2 Rxb7 42.Rxb7+ Kf6 43.Rxh7 g5
44.Kd2 Kf5 45.Ke3 Kg4 46.c4 Kg3 47.c5 Kg2 48.c6  1-0

[Event "Budapest FS12 IM-A"]
[Site "Budapest"]
[Date "1997.??.??"]
[Round "4"]
[White "Nguyen Thi Tuong Van"]
[Black "Izsak, Gyula"]
[Result "1/2-1/2"]
[WhiteElo "2160"]
[BlackElo "2405"]

1.e4 c5 2.Nf3 e6 3.d4 cxd4 4.Nxd4 a6 5.Nc3 Qc7 6.Be2 Bb4 7.Qd3 Nf6 8.O-O Nc6
9.Nxc6 bxc6 10.Bg5 Be7 11.f4 d5 12.Kh1 O-O 13.e5 Ne8 14.Qg3 f6 15.exf6 Bxf6
16.Bd3 Bxg5 17.Qxg5 Nf6 18.Rae1 c5 19.b3 Bd7 20.Re5 Rad8 21.Rfe1 h6 22.Qg3 Bc8
23.Bg6 d4 24.Ne2 Ne4 25.Bxe4 Rf6 26.Bd5 Rxd5 27.c3 Rd7 28.Nc1 Rd8 29.Ne2 Rd7  1/2-1/2

[Event "Budapest FS02 IM-B"]
[Site "Budapest"]
[Date "1997.??.??"]
[Round "6"]
[White "Antal, Gergely"]
[Black "Szeberenyi, Adam"]
[Result "1-0"]
[WhiteElo "2220"]
[BlackElo "2225"]

1.e4 c5 2.Nf3 e6 3.d4 cxd4 4.Nxd4 a6 5.Nc3 Qc7 6.Bd3 Nc6 7.Nxc6 bxc6 8.O-O Nf6
9.Qe2 d6 10.Kh1 Be7 11.f4 e5 12.h3 Bb7 13.Be3 Nd7 14.Bc4 O-O 15.Rad1 a5 16.Qf2 Ba6
17.Bxa6 Rxa6 18.Qg3 Bf6 19.Rd2 Nb6 20.b3 Rd8 21.Rfd1 Raa8 22.Qf2 Rab8 23.f5 Be7
24.Qg3 Kh8 25.Ne2 Nd7 26.c4 Nf6 27.Qf3 a4 28.bxa4 Rb4 29.Rc2 Rxa4 30.g4 d5
31.cxd5 Nxe4 32.Rxc6 Qxc6 33.dxc6 Rxd1+ 34.Kg2 Rc4 35.c7 Re1 36.Qxe4 Rxe2+
37.Kf1 Rec2 38.Qa8+  1-0

[Event "Budapest FS06 GM"]
[Site "Budapest"]
[Date "1997.??.??"]
[Round "8"]
[White "Waitzkin, Joshua"]
[Black "Borocz, Istvan"]
[Result "1/2-1/2"]
[WhiteElo "2440"]
[BlackElo "2420"]

1.e4 c5 2.Nf3 e6 3.d4 cxd4 4.Nxd4 a6 5.Nc3 Qc7 6.Bd3 Nc6 7.Be3 Nf6 8.O-O Ne5
9.h3 Bc5 10.Na4 Ba7 11.c4 d6 12.Rc1 Bd7 13.Nc3 O-O 14.b3 Bc5 15.Bb1 Qa5 16.a4 Ba3
17.Rc2 Bb4 18.Bd2 Bc6 19.Re1 Rfd8 20.Na2 Bxd2 21.Rxd2 Be8 22.Qe2 b5 23.axb5 axb5
24.cxb5 Rab8 25.b4 Qc7 26.Red1 Rb6 27.f4 Ng6 28.g3 Rdb8 29.Qf2 Bxb5 30.Nxb5 Rxb5
31.Bd3 R5b6 32.b5 d5 33.exd5 Nxd5 34.Rc1 Qa7 35.f5 Ne5 36.fxe6 fxe6 37.Be4 Rf8
38.Qd4 Qb8 39.Bxd5 exd5 40.Qxd5+ Nf7 41.Kh2 Rxb5 42.Rc5 Rxc5 43.Qxc5 Ne5
44.Qd5+ Kh8 45.Kg2 Ng6 46.Nc3 Qa7 47.Nd1  1/2-1/2

[Event "Honved"]
[Site "Budapest"]
[Date "1997.??.??"]
[Round "8"]
[White "Videki, Sandor"]
[Black "Fogarasi, Tibor"]
[Result "1/2-1/2"]
[WhiteElo "2375"]
[BlackElo "2450"]

1.e4 c5 2.Nf3 e6 3.d4 cxd4 4.Nxd4 a6 5.Nc3 Qc7 6.Be2 Bb4 7.O-O Nf6 8.Qd3 Nc6
9.Nxc6 bxc6 10.f4 d5 11.e5 Nd7 12.Qg3 O-O 13.Kh1 f6 14.exf6 Nxf6 15.Bf3  1/2-1/2

[Event "Budapest FS02 GM"]
[Site "Budapest"]
[Date "1997.??.??"]
[Round "10"]
[White "Peter, Ambrus"]
[Black "Farago, Ivan"]
[Result "1/2-1/2"]
[WhiteElo "2455"]
[BlackElo "2440"]

1.e4 c5 2.Nf3 e6 3.d4 cxd4 4.Nxd4 a6 5.Nc3 Qc7 6.Bd3 Nc6 7.Be3 Nf6 8.O-O Ne5
9.Be2 b5 10.f4 Nc4 11.Bxc4 Qxc4 12.e5 Nd5 13.Nxd5 Qxd5 14.Qe2 Bb7 15.Nb3 Rc8
16.c3 Be7 17.Rad1 Qc4 18.Qf2 Bd5 19.f5 exf5 20.Qxf5 Be6 21.Qf2 O-O 22.Rd4 Qc7
23.Qg3 f5 24.Rd2 b4 25.cxb4 Bxb4 26.Rdd1 Qc4 27.Rc1 Qe4 28.Bh6 Qg4 29.Qxg4 fxg4
30.Rxf8+ Rxf8 31.Bd2 Rb8 32.Bxb4 Rxb4 33.Nc5 Rxb2 34.Nxe6 dxe6 35.Rc6 Rxa2
36.Rxe6 a5 37.Re7 Kf8 38.Ra7 a4 39.e6 a3 40.Rf7+ Ke8 41.Ra7 h5 42.g3 g5 43.Kh1 h4
44.gxh4 gxh4 45.h3 gxh3 46.Kg1 Rg2+ 47.Kh1 a2 48.Ra8+ Ke7 49.Ra7+ Kxe6 50.Ra6+  1/2-1/2

[Event "Buenos Aires op"]
[Site "Buenos Aires"]
[Date "1997.??.??"]
[Round "5"]
[White "Alonso, Salvador"]
[Black "Giardelli, Sergio C"]
[Result "0-1"]
[WhiteElo "2400"]
[BlackElo "2460"]

1.e4 c5 2.Nf3 e6 3.d4 cxd4 4.Nxd4 a6 5.Nc3 Qc7 6.Be2 b5 7.O-O Bb7 8.Bf3 d6
9.a4 bxa4 10.Rxa4 Nf6 11.Nb3 Nc6 12.Be3 Be7 13.Be2 O-O 14.f4 Rfd8 15.Qe1 d5
16.e5 Nd7 17.Qf2 Re8 18.Rfa1 Nb4 19.Bf1 f6 20.exf6 Nxf6 21.Bd4 Nc6 22.Bb6 Qb8
23.Nd4 Bd6 24.Nb3 e5 25.Bc5 e4 26.Bxd6 Qxd6 27.Rd1 e3 28.Qf3 d4 29.Nxd4 Qc5
30.Qe2 Nxd4 31.Raxd4 Qb6 32.Rd6 Qxb2 33.Rxf6 Qxc3 34.Rb6 Bc8 35.Rb3 Qc5 36.Qc4+ Qxc4
37.Bxc4+ Kf8 38.Re1 Bf5 39.Rbxe3 Rxe3 40.Rxe3 Bxc2 41.Kf2 a5 42.Ke1 Rc8 43.Bb3 a4
44.Bxc2 Rxc2 45.Kf1 h5 46.Ra3 Rc4 47.g3 Ke7 48.Re3+ Kf6  0-1

[Event "Goodricke op"]
[Site "Calcutta"]
[Date "1997.??.??"]
[Round "1"]
[White "Zagrebelny, Sergey"]
[Black "Kunte, Abhijit"]
[Result "1-0"]
[WhiteElo "2480"]
[BlackElo "2315"]

1.e4 c5 2.Nf3 e6 3.Nc3 a6 4.d4 cxd4 5.Nxd4 Qc7 6.Be2 b5 7.f4 Bb7 8.Bf3 Nc6
9.Be3 Rc8 10.Nb3 Na5 11.Nxa5 Qxa5 12.a3 Nf6 13.O-O Rxc3 14.bxc3 Bxe4 15.Bd4 Bxf3
16.Qxf3 Be7 17.f5 O-O 18.Qb7 Qd8 19.Qxa6 Qc7 20.fxe6 fxe6 21.Qxb5 Bd6 22.Bxf6 Bxh2+
23.Kh1 gxf6 24.Rad1 Rf7 25.Rd4 Be5 26.Rg4+ Kh8 27.Qc4 Qd6 28.a4 f5 29.Rh4 Qd2
30.Qd3 Qg5 31.Rh3 Rg7 32.Qe2 Qg4 33.Qxg4 Rxg4 34.Ra1 Rc4 35.a5 Bxc3 36.Ra2 Bd4
37.Rb3 Bc5 38.g3 Kg7 39.a6 d5 40.a7 Bxa7 41.Rxa7+ Kf6 42.Rxh7 Rxc2 43.Rh6+  1-0

[Event "Goodricke op"]
[Site "Calcutta"]
[Date "1997.??.??"]
[Round "1"]
[White "Malisauskas, Vidmantas"]
[Black "Gokhale, Jayant Suresh"]
[Result "0-1"]
[WhiteElo "2530"]
[BlackElo "2320"]

1.Nf3 c5 2.e4 e6 3.d4 cxd4 4.Nxd4 a6 5.Nc3 Qc7 6.g3 b5 7.Bg2 Bb7 8.O-O Nf6
9.Re1 d6 10.a4 bxa4 11.Nxa4 Be7 12.b3 O-O 13.Bb2 Nbd7 14.c4 Rfe8 15.Rc1 Rac8
16.b4 Qb8 17.Qb3 Qa8 18.f3 Qa7 19.Kh1 Nb6 20.Nxb6 Qxb6 21.Qa3 Ba8 22.Nb3 Rb8
23.Bc3 Rec8 24.Na5 Nd7 25.Rb1 Bf6 26.Bxf6 Nxf6 27.Red1 Rd8 28.Qd3 Qc7 29.Qd4 Kf8
30.Kg1 Ke7 31.Bf1 g5 32.c5 g4 33.Qe3 dxc5 34.Rdc1 gxf3 35.Rxc5 Qd7 36.Rc4 Rbc8
37.e5 Ng8 38.Rxc8 Rxc8 39.Rc1 Rxc1 40.Qxc1 Qd4+ 41.Kh1 f2+ 42.Bg2 Qd5  0-1

[Event "Goodricke op"]
[Site "Calcutta"]
[Date "1997.??.??"]
[Round "3"]
[White "Zagrebelny, Sergey"]
[Black "Gokhale, Jayant Suresh"]
[Result "1-0"]
[WhiteElo "2480"]
[BlackElo "2320"]

1.e4 c5 2.Nf3 e6 3.d4 cxd4 4.Nxd4 a6 5.Nc3 Qc7 6.Be2 b5 7.O-O Nc6 8.Nxc6 Qxc6
9.Bf3 Qc7 10.e5 Bb7 11.Bxb7 Qxb7 12.f4 Nh6 13.Be3 Rd8 14.Qd3 d6 15.Rad1 Be7
16.Ne4 Nf5 17.exd6 Nxd6 18.Nxd6+ Rxd6 19.Qb3 O-O 20.c4 Qc6 21.cxb5 axb5 22.Rxd6 Bxd6
23.Qd3 Bc5 24.Rc1 Bxe3+ 25.Qxe3 Qd5 26.a3 Rd8 27.h3 h6 28.Rc5 Qb7 29.Kh2 Rd7
30.b3 Rd8 31.a4 bxa4 32.bxa4 Ra8 33.a5 Rd8 34.Qc3 Qe4 35.Rc4 Qd3 36.a6 Qxc3
37.Rxc3 Ra8 38.Ra3 Ra7 39.Kg3 Kf8 40.Kf3 Ke7 41.Ke4 Kd6 42.Kd4 f6 43.Kc4 Kc6
44.h4 Kb6 45.Kd4 g6 46.Ra4 Rd7+ 47.Kc3 Ka7 48.Rd4 Re7 49.Rd6 h5 50.Kd3 g5
51.g3 gxh4 52.gxh4 e5 53.f5 Rg7 54.Rxf6 Rg4 55.Re6 Rxh4 56.Rxe5 Rf4 57.Ke3 Rf1
58.Ke4 Kxa6 59.Kd5 Kb7 60.Ke6 Kc7 61.f6 h4 62.Rh5 Re1+ 63.Kf7 Re4 64.Kg7 Rg4+
65.Kf8 Rf4 66.f7 Kd7 67.Rh7  1-0

[Event "Goodricke op"]
[Site "Calcutta"]
[Date "1997.??.??"]
[Round "3"]
[White "Thipsay, Praveen Mahadeo"]
[Black "Gasimov, Ragim"]
[Result "1/2-1/2"]
[WhiteElo "2460"]
[BlackElo "2405"]

1.e4 c5 2.Nf3 e6 3.d4 cxd4 4.Nxd4 a6 5.Nc3 Qc7 6.Be2 b5 7.f4 Bb7 8.Bf3 b4
9.Nce2 Bc5 10.O-O d6 11.Kh1 Nf6 12.Ng3 Nbd7 13.Nb3 Bb6 14.Qe1 O-O 15.Be3 Rac8
16.Rc1 Bxe3 17.Qxe3 Qb6 18.Qd2 Rfd8 19.c3 bxc3 20.Rxc3 Rxc3 21.Qxc3 Rc8 22.Qd2 Nc5
23.Nxc5 Qxc5 24.Rd1 h5 25.b4 Qc2 26.Nxh5 Nxh5 27.Bxh5 Bxe4 28.Qxc2 Rxc2 29.Bf3 Bxf3
30.gxf3 d5 31.a4 Ra2 32.a5 Rb2 33.Rd4 g6 34.h4 Kg7 35.h5 gxh5 36.f5 Kf6 37.fxe6 fxe6
38.Rh4 Ke7 39.Rxh5 Rxb4 40.Rh7+ Kf6 41.Ra7 d4 42.Kg2 Rb2+ 43.Kf1 Kf5 44.Rxa6 e5
45.Rd6 Kf4 46.a6 Ra2 47.Rf6+ Ke3 48.Re6 Ra1+ 49.Kg2 Kf4 50.Rf6+ Ke3 51.Re6 d3
52.Rxe5+ Kd4 53.Re7 Rxa6 54.Kf2 Kc3 55.Rc7+ Kd2 56.f4 Ra4 57.Kf3 Kd1 58.f5 d2
59.f6  1/2-1/2

[Event "Goodricke op"]
[Site "Calcutta"]
[Date "1997.??.??"]
[Round "5"]
[White "Dhar, Saheli"]
[Black "Prasad, Devaki V"]
[Result "0-1"]
[WhiteElo "2185"]
[BlackElo "2450"]

1.e4 c5 2.Nf3 e6 3.d4 cxd4 4.Nxd4 a6 5.Nc3 Qc7 6.Be2 Nf6 7.O-O Nc6 8.Be3 Be7
9.f4 d6 10.a4 O-O 11.Kh1 Nxd4 12.Bxd4 e5 13.Be3 exf4 14.Bxf4 Be6 15.Nd5 Bxd5
16.exd5 Nd7 17.c4 Bf6 18.Qd2 a5 19.Be3 Be5 20.Rf3 Nc5 21.Rh3 f5 22.Rf1 g6
23.Bh6 Bg7 24.b3 Bxh6 25.Qxh6 Rae8 26.Bd1 Qg7 27.Qd2 Ne4 28.Qd3 Re7 29.Kg1 Rfe8
30.Re3 Qb2 31.Re2 Nc5 32.Rxb2 Nxd3 33.Rd2 Re3 34.g4 fxg4 35.Bxg4 Kg7 36.Be6 Re7
37.Rb1 Kf6 38.Rf1+ Ke5 39.Rf8 Nc5 40.Kf2 Rxb3 41.Kg2 Nxa4 42.Bf5 Rb2 43.Bc2 Nc3
44.Kh3 Rc7 45.Re8+ Kf6 46.c5 Rxc5 47.Re6+ Kg7 48.Rxd6 Nxd5 49.Rd7+ Kh6 50.Be4 Rxd2
51.Rxb7 a4 52.Rb4 a3 53.Ra4 a2  0-1

[Event "Goodricke op"]
[Site "Calcutta"]
[Date "1997.??.??"]
[Round "5"]
[White "Sanjoy, Bhattacharya"]
[Black "Gokhale, Jayant Suresh"]
[Result "1/2-1/2"]
[WhiteElo "2170"]
[BlackElo "2320"]

1.e4 c5 2.Nf3 e6 3.d4 cxd4 4.Nxd4 a6 5.Nc3 Qc7 6.Bd3 b5 7.O-O Bb7 8.Kh1 Nf6
9.a3 Nc6 10.Nb3 Be7 11.f4 d6 12.Qe1 O-O 13.Qg3 Kh8 14.Be3 Rac8 15.Rae1 b4
16.axb4 Nxb4 17.Bd4 Nc6 18.Bg1 e5 19.f5 Nb4 20.Nd2 Qb8 21.Nf3 Ba8 22.Rf2 Bd8
23.Rfe2 Bb6 24.Bxb6 Qxb6 25.Qf2 Qxf2 26.Rxf2 Nd7 27.Rd2 Nc5 28.Bc4 f6 29.Nd5 Nxd5
30.Bxd5 Bxd5 31.Rxd5 Nb7 32.c3 Rc6 33.Kg1 Rfc8 34.Re3 Rb6 35.b4 Rbc6 36.b5 axb5
37.Rxb5 R8c7 38.Nd2 Kg8 39.c4 Nc5 40.Ra3 Kf7 41.Kf2 Ke7 42.Ke3 Nd7 43.Kd3 Nc5+
44.Ke3 Nd7 45.Kd3 Nc5+ 46.Ke3 Ra6 47.Rxa6 Nxa6 48.Kd3 Nc5+ 49.Ke2 Ra7 50.Rb8 Ra2
51.Kd1 Kf7 52.Rb6 Ke7 53.Rb8 Ra6 54.Ke2 Kf7 55.Rh8 h6 56.Rc8 Ra7 57.Rd8 Ke7
58.Rg8 Kf7 59.Rd8 Ra6 60.Rc8 Ra7 61.Rd8 Ra2 62.Kd1 Ra1+ 63.Ke2 Ra6 64.Rc8 Ra3
65.Rd8 Rd3 66.Rc8 Rd4 67.Ke3 Ke7 68.Rg8 Kf7 69.Rc8  1/2-1/2

[Event "Goodricke op"]
[Site "Calcutta"]
[Date "1997.??.??"]
[Round "9"]
[White "Barua, Dibyendu"]
[Black "Bischoff, Klaus"]
[Result "1-0"]
[WhiteElo "2535"]
[BlackElo "2550"]

1.e4 c5 2.Nf3 e6 3.d4 cxd4 4.Nxd4 a6 5.Nc3 Qc7 6.Be2 b5 7.O-O Bb7 8.Bf3 Nc6
9.Nxc6 Bxc6 10.Nd5 Bxd5 11.exd5 Rc8 12.c3 Nf6 13.a4 b4 14.Bd2 bxc3 15.Bxc3 Bd6
16.g3 O-O 17.Qd3 Be5 18.Bb4 Rfe8 19.Qxa6 Bxb2 20.Rab1 Bd4 21.dxe6 Rxe6 22.Qd3 Qa7
23.Kg2 d5 24.a5 Rec6 25.Bd2 h6 26.Rb5 Rc2 27.Bd1 Ra2 28.Bb3 Rb2 29.Rb1 Rxb1
30.Qxb1 Bxf2 31.Qf5 Re8 32.Qxf2 Qxf2+ 33.Kxf2 Ne4+ 34.Kg2 Nxd2 35.Bxd5 Re2+
36.Kg1 Re1+ 37.Kf2 Ra1 38.Ke2 Nf1 39.Kd3 Kf8 40.Kc3 Ne3 41.Bb3  1-0

[Event "Cannes op-B 18th"]
[Site "Cannes"]
[Date "1997.??.??"]
[Round "3"]
[White "Doghri, Nabil"]
[Black "Gollain, Marc"]
[Result "1-0"]
[WhiteElo "2305"]
[BlackElo "2220"]

1.e4 c5 2.Nf3 e6 3.d4 cxd4 4.Nxd4 a6 5.Nc3 Qc7 6.Be2 Nf6 7.O-O Bc5 8.Be3 d6
9.Kh1 O-O 10.f4 Nc6 11.Qd3 Nxd4 12.Bxd4 Bxd4 13.Qxd4 e5 14.Qd2 exf4 15.Rad1 Qb6
16.Qxf4 Qxb2 17.Qg3 Kh8 18.Rxd6 Be6 19.e5 Nd7 20.Rd3 Qxc2 21.Qe3 Rfe8 22.h3 Nc5
23.Rc1 Qb2 24.Rd4 b5 25.Rcd1 Qa3 26.Qd2 Qa5 27.Bf3 Rab8 28.Qg5 b4 29.Nd5 b3
30.Ne7 Red8 31.Rxd8+  1-0

[Event "Cannes op 18th"]
[Site "Cannes"]
[Date "1997.??.??"]
[Round "3"]
[White "Tirard, Hugo"]
[Black "Rotstein, Arkadij"]
[Result "0-1"]
[WhiteElo "2365"]
[BlackElo "2455"]

1.e4 c5 2.Nf3 e6 3.d4 cxd4 4.Nxd4 a6 5.Nc3 Qc7 6.Bd3 b5 7.Be3 Bb7 8.O-O Nf6
9.a3 Nc6 10.Kh1 Ne5 11.f4 Nc4 12.Bxc4 bxc4 13.e5 Nd5 14.Nxd5 Bxd5 15.Qd2 g6
16.b4 cxb3 17.cxb3 Be7 18.b4 Qb7 19.Rab1 O-O 20.Nb3 d6 21.Bd4 dxe5 22.fxe5 Rad8
23.Qf2 Bxb3 24.Rxb3 Qd5 25.Rd3 f6 26.Qh4 fxe5 27.Rxf8+ Rxf8 28.Qxe7 Qxd4  0-1

[Event "Cannes op 18th"]
[Site "Cannes"]
[Date "1997.??.??"]
[Round "4"]
[White "Boudre, Jean Pierre"]
[Black "Vasovski, Nikola"]
[Result "0-1"]
[WhiteElo "2400"]
[BlackElo "2345"]

1.e4 c5 2.Nf3 e6 3.Nc3 a6 4.d4 cxd4 5.Nxd4 Qc7 6.Be2 Nf6 7.O-O Nc6 8.Be3 Be7
9.f4 d6 10.a4 O-O 11.Kh1 Re8 12.Bf3 Bd7 13.Nb3 e5 14.Nd5 Nxd5 15.exd5 Nd8
16.a5 Bf6 17.Bb6 Qc8 18.fxe5 Bxe5 19.Nd4 Bxd4 20.Bxd4 Bf5 21.c3 f6 22.Bh5 Nf7
23.Qf3 Bg6 24.Bg4 Qc7 25.Be6 Kh8 26.h4 Qe7 27.h5 Ng5 28.Qg4 Nxe6 29.dxe6 Bd3
30.Rfe1 h6 31.Re3 Bh7 32.Rg3 Rg8 33.Re1 d5 34.Qf4 Be4 35.Rxe4 dxe4 36.Qxe4 Rae8
37.Re3 Rc8 38.Qg6 Rc6 39.Qf7 Re8 40.Bxf6 gxf6 41.Qg6 Rc5 42.Qxh6+ Qh7 43.Qxf6+ Qg7
44.Qh4 Rg5 45.h6 Qg6 46.Qd4+ Kg8 47.e7 Kh7 48.Qd2 Rg3  0-1

[Event "Cappelle op"]
[Site "Cappelle la Grande"]
[Date "1997.??.??"]
[Round "5"]
[White "Nijboer, Friso"]
[Black "Poluljahov, Aleksandr"]
[Result "0-1"]
[WhiteElo "2555"]
[BlackElo "2510"]

1.e4 c5 2.Nf3 e6 3.Nc3 a6 4.d4 cxd4 5.Nxd4 Qc7 6.Bd3 Nc6 7.Nxc6 bxc6 8.O-O Nf6
9.f4 d5 10.Qf3 Be7 11.Kh1 O-O 12.Bd2 Nd7 13.Na4 Bb7 14.c4 dxe4 15.Bxe4 f5
16.Bc2 c5 17.Qe3 Qc6 18.Rf2 Rae8 19.Bc3 Nf6 20.Re2 Bd6 21.Rd1 Ng4 22.Qd2 Rd8
23.Rxe6 Bxf4 24.Qe2 Rde8 25.Rxc6 Rxe2 26.Rd7 Be5 27.Rxb7 Bxc3 28.g3 Bd4  0-1